000 00646nam a2200277Ia 4500
005 20260324144936.0
008 008 260324s9999 xx 000 0 eng d
020 _a9781003458883
037 _aEBOOK
040 _aCRL
040 _beng
040 _cCRL
041 _2eng
041 _aeng
084 _qCRL
100 _aJohn Cavanagh; Frederick F. Clairmonte
_91221175
245 0 _aAlcoholic Beverages
260 _bTaylor and Francis
260 _c1985
365 _a
365 _b150
856 _uhttp://www.taylorfrancis.com/books/9781003458883
942 _cEBOOK
999 _c1828426
_d1828426